[Event "Mumbai Mayors Cup 2nd"]
[Site "Mumbai"]
[Date "2009.05.08"]
[Round "9"]
[White "Belov, Vladimir"]
[Black "Safin, Shukhrat"]
[Result "1/2-1/2"]
[WhiteElo "2623"]
[BlackElo "2485"]
[PlyCount "37"]
[EventDate "2009.05.01"]
[EventType "swiss"]
[EventRounds "11"]
[EventCountry "IND"]
[SourceTitle "CBM 130 Extra"]
[Source "ChessBase"]
[SourceDate "2009.07.02"]
[SourceVersion "2"]
[SourceVersionDate "2009.07.15"]
[SourceQuality "1"]

1. Nf3 d5 2. d4 Nf6 3. c4 c6 4. e3 g6 5. Nc3 Bg7 6. h3 0-0 7. Bd3 c5 8. 0-0 dxc4 9. Bxc4 Nbd7 10. Bb3 a6 11. a4 b6 12. d5 Bb7 13. e4 Qc7 14. Qe2 Nh5 15. Bg5 Ne5 16. Nd2 Kh8 17. g4 f6 18. Be3 f5 19. gxf5 1/2-1/2

[Event "Agzamov Memorial 03rd"]
[Site "Tashkent"]
[Date "2009.03.24"]
[Round "8"]
[White "Temirov, Bakhyt"]
[Black "Safin, Shukhrat"]
[Result "1-0"]
[WhiteElo "2243"]
[BlackElo "2518"]
[PlyCount "79"]
[EventDate "2009.03.15"]
[EventType "swiss"]
[EventRounds "9"]
[EventCountry "UZB"]
[SourceTitle "CBM 129 Extra"]
[Source "ChessBase"]
[SourceDate "2009.05.05"]
[SourceVersion "2"]
[SourceVersionDate "2009.05.20"]
[SourceQuality "1"]

1. d4 Nf6 2. c4 g6 3. Nc3 Bg7 4. Nf3 0-0 5. g3 d6 6. Bg2 c6 7. 0-0 Bf5 8. Bf4 Na6 9. Qd2 Re8 10. Rfe1 Ne4 11. Nxe4 Bxe4 12. Bh6 Bh8 13. Red1 Nc7 14. Qf4 f5 15. Ng5 Bxg2 16. Kxg2 e5 17. dxe5 Bxe5 18. Qf3 Qf6 19. Rab1 Ne6 20. h4 Nc5 21. b4 Na4 22. b5 Nc3 23. bxc6 bxc6 24. Rb7 Rac8 25. Rg7+ Qxg7 26. Bxg7 Kxg7 27. Rd3 h6 28. Rxc3 hxg5 29. Ra3 gxh4 30. Rxa7+ Kf6 31. gxh4 Rh8 32. Qb3 Rb8 33. Rb7 Rbc8 34. c5 d5 35. e3 Rxh4 36. f4 Ba1 37. Rf7+ Kxf7 38. Qb7+ Kg8 39. Qxc8+ Kh7 40. Qxc6 1-0

[Event "Agzamov Memorial 03rd"]
[Site "Tashkent"]
[Date "2009.03.17"]
[Round "2"]
[White "Muminova, Nafisa"]
[Black "Safin, Shukhrat"]
[Result "1-0"]
[WhiteElo "2220"]
[BlackElo "2518"]
[PlyCount "81"]
[EventDate "2009.03.15"]
[EventType "swiss"]
[EventRounds "9"]
[EventCountry "UZB"]
[SourceTitle "CBM 129 Extra"]
[Source "ChessBase"]
[SourceDate "2009.05.05"]
[SourceVersion "2"]
[SourceVersionDate "2009.05.20"]
[SourceQuality "1"]

1. e4 c5 2. Nf3 Nc6 3. d4 cxd4 4. Nxd4 Nf6 5. Nc3 d6 6. Be2 e5 7. Nb3 Be7 8. Be3 0-0 9. Qd2 Be6 10. 0-0-0 a5 11. Kb1 a4 12. Nc1 Qa5 13. f3 a3 14. b3 Nb4 15. Na4 Nd7 16. Nd3 d5 17. exd5 Nxd5 18. Qxa5 Rxa5 19. Bd2 Rxa4 20. bxa4 N7b6 21. Nxe5 Nxa4 22. Rde1 Ndc3+ 23. Ka1 Nxe2 24. Rxe2 Rc8 25. Kb1 Bf6 26. f4 h6 27. Re3 Be7 28. Rhe1 b5 29. c3 Bc5 30. Rf3 Bf5+ 31. Kc1 h5 32. h3 h4 33. Re2 f6 34. Nd3 Bf8 35. Nf2 b4 36. Be1 b3 37. axb3 Nc5 38. c4 Ra8 39. Ra2 Bd6 40. b4 Bxf4+ 41. Bd2 1-0

[Event "Gurgon op 1st"]
[Site "Gurgon"]
[Date "2009.01.25"]
[Round "6"]
[White "Maheswaran, Palsamy"]
[Black "Safin, Shukhrat"]
[Result "0-1"]
[WhiteElo "2297"]
[BlackElo "2518"]
[PlyCount "208"]
[EventDate "2009.01.21"]
[EventType "swiss"]
[EventRounds "10"]
[EventCountry "IND"]
[SourceTitle "CBM 128 Extra"]
[Source "ChessBase"]
[SourceDate "2009.03.05"]
[SourceVersion "2"]
[SourceVersionDate "2009.03.25"]
[SourceQuality "1"]

1. d4 Nf6 2. c4 g6 3. Nc3 Bg7 4. e4 d6 5. Nf3 0-0 6. Be2 e5 7. 0-0 Nbd7 8. Be3 h6 9. h3 exd4 10. Bxd4 Re8 11. Qc2 b6 12. Rfe1 Bb7 13. Bf1 Nc5 14. Bd3 Ne6 15. Be3 Nd7 16. Rad1 Ndc5 17. Nd5 Nxd3 18. Rxd3 Nc5 19. Bxc5 bxc5 20. Rdd1 Qb8 21. b3 Bc6 22. Qd2 a5 23. Rb1 Qb7 24. Re3 a4 25. b4 cxb4 26. Rxb4 Qa7 27. Re1 Qa5 28. a3 Kh7 29. Qf4 Rf8 30. Nf6+ Kh8 31. e5 Rad8 32. Nd5 dxe5 33. Nxe5 Bxd5 34. cxd5 Rxd5 35. Nc6 Qa6 36. Qc4 Qxc4 37. Rxc4 Ra8 38. Ree4 Rd6 39. Nb4 Bf8 40. g3 Rd1+ 41. Kg2 Bd6 42. Nc2 Rd2 43. Ne3 Rb8 44. Rcd4 Ra2 45. Rxa4 Rb3 46. Rac4 Rbxa3 47. Nc2 Rb3 48. Re2 Rbb2 49. Rc6 Kg7 50. Kf3 Kf6 51. h4 h5 52. Kg2 Rb5 53. Rd2 Ke7 54. Nd4 Rxd2 55. Nxb5 Kd7 56. Rc4 Be5 57. Rc5 f6 58. Rc4 c6 59. Na7 c5 60. Rxc5 Bd4 61. Rd5+ Ke6 62. Ra5 Rxf2+ 63. Kh3 Rc2 64. Ra6+ Kd5 65. Nb5 Be5 66. Ra7 Kc6 67. Na3 Rc3 68. Kg2 Rxg3+ 69. Kf1 Rc3 70. Ke2 Kd5 71. Ra4 Rh3 72. Nc2 Bg3 73. Ne3+ Ke6 74. Ng2 Be5 75. Ne3 Bd6 76. Re4+ Kf7 77. Rc4 Ke6 78. Re4+ Be5 79. Ra4 Rh2+ 80. Kf3 Rd2 81. Ra7 Rd7 82. Ra6+ Kf7 83. Ra4 Rd4 84. Ra7+ Kg8 85. Ng2 Rd3+ 86. Ke4 Rc3 87. Ne3 Rc7 88. Ra4 Kg7 89. Kf3 Kh6 90. Ra6 Rd7 91. Rc6 Rd6 92. Rc8 Rd4 93. Ng2 g5 94. hxg5+ fxg5 95. Rc6+ Kg7 96. Rc5 Bf6 97. Ne3 Kg6 98. Rc6 g4+ 99. Ke2 h4 100. Rc4 Rxc4 101. Nxc4 Bd4 102. Nd2 h3 103. Nf3 Ba7 104. Ne5+ Kf5 0-1

[Event "Gurgon op 1st"]
[Site "Gurgon"]
[Date "2009.01.24"]
[Round "5"]
[White "Safin, Shukhrat"]
[Black "Sethuraman, SP."]
[Result "0-1"]
[WhiteElo "2518"]
[BlackElo "2415"]
[PlyCount "126"]
[EventDate "2009.01.21"]
[EventType "swiss"]
[EventRounds "10"]
[EventCountry "IND"]
[SourceTitle "CBM 128 Extra"]
[Source "ChessBase"]
[SourceDate "2009.03.05"]
[SourceVersion "2"]
[SourceVersionDate "2009.03.25"]
[SourceQuality "1"]

1. d4 Nf6 2. c4 e6 3. Nc3 Bb4 4. Qc2 d5 5. a3 Bxc3+ 6. Qxc3 dxc4 7. Qxc4 b6 8. Nf3 Ba6 9. Qa4+ Qd7 10. Qc2 Qc6 11. Qxc6+ Nxc6 12. Bf4 Nd5 13. Bg3 Na5 14. b4 Nb7 15. e4 Bxf1 16. Rxf1 Nf6 17. Nd2 0-0-0 18. Rc1 Ne8 19. Nb3 Nbd6 20. d5 exd5 21. e5 Nf5 22. Bf4 h5 23. Kd2 g6 24. f3 h4 25. Bg5 Rd7 26. Rc6 Neg7 27. Bf6 Re8 28. f4 Ne6 29. Rc3 d4 30. Rcf3 Ne3 31. Rxe3 dxe3+ 32. Kxe3 Kb7 33. Bxh4 Rh8 34. g3 Ng7 35. Nd4 c5 36. bxc5 bxc5 37. Rb1+ Ka8 38. Nf3 Nf5+ 39. Ke4 Nxh4 40. gxh4 Rb8 41. Rc1 Rb2 42. f5 gxf5+ 43. Kxf5 Rd3 44. Ng5 Rf2+ 45. Ke4 Rxa3 46. Rxc5 Ra4+ 47. Kd5 Rd2+ 48. Kc6 Rb4 49. Rc3 Rb8 50. Rf3 Rc8+ 51. Kb5 Rb2+ 52. Ka4 Rc6 53. Ka3 Rb5 54. Rf6 Rc1 55. Ka2 Rc4 56. Ka3 Rxe5 57. Nf3 Re3+ 58. Kb2 Re7 59. Kb3 Rc8 60. Rf4 Rb7+ 61. Rb4 Rxb4+ 62. Kxb4 Rc2 63. h3 Rf2 0-1

[Event "Olympiad-38"]
[Site "Dresden"]
[Date "2008.11.22"]
[Round "9"]
[White "Davletbakov, Saddam"]
[Black "Safin, Shukhrat"]
[Result "0-1"]
[WhiteElo "2145"]
[BlackElo "2510"]
[PlyCount "174"]
[EventDate "2008.11.13"]
[EventType "team-swiss"]
[EventRounds "11"]
[EventCountry "GER"]
[SourceTitle "CBM 128"]
[Source "ChessBase"]
[SourceDate "2009.01.28"]
[SourceVersion "1"]
[SourceVersionDate "2009.01.28"]
[SourceQuality "1"]
[WhiteTeam "Kyrgyzstan"]
[BlackTeam "Uzbekistan"]
[WhiteTeamCountry "KGZ"]
[BlackTeamCountry "UZB"]

1. d4 Nf6 2. c4 g6 3. g3 Bg7 4. Bg2 c5 5. Nf3 Qa5+ 6. Nbd2 cxd4 7. Nxd4 Nc6 8. N4f3 0-0 9. 0-0 d6 10. a3 Qh5 11. h4 a5 12. Qc2 a4 13. Rb1 Qg4 14. Re1 Nd7 15. Nf1 Nc5 16. Ne3 Qe4 17. Qxe4 Nxe4 18. Nd2 Nc5 19. Nd5 Bf5 20. e4 Be6 21. Nf1 Bxd5 22. exd5 Ne5 23. Ne3 Ned3 24. Rd1 f5 25. Bf1 Nxc1 26. Rdxc1 f4 27. gxf4 Rxf4 28. Ng2 Rf7 29. f4 Bh6 30. h5 Bxf4 31. hxg6 hxg6 32. Re1 Be5 33. Ne3 Rf3 34. Bg2 Rg3 35. Nf1 Rg4 36. Nd2 Rf8 37. Rf1 Bd4+ 38. Kh2 Be5+ 39. Kg1 Rf6 40. Nf3 Rf5 41. Rbe1 Bf6 42. Kh2 Rh5+ 43. Bh3 Nd3 44. Re3 Nf4 45. Ng1 Rg2+ 46. Kh1 Rxg1+ 47. Rxg1 Nxh3 48. Rxg6+ Kf7 49. Rg2 Ng5+ 50. Rh2 Rxh2+ 51. Kxh2 Bxb2 52. Kg3 Nh7 53. Re1 Nf6 54. Rb1 Bxa3 55. Ra1 Bc5 56. Rxa4 b5 57. cxb5 Nxd5 58. Ra8 e5 59. Kf3 Ke6 60. Rb8 Nc3 61. b6 Kd7 62. Kg2 Kc6 63. b7 Kc7 64. Rg8 Kxb7 65. Kf1 Kc6 66. Ke1 d5 67. Kd2 d4 68. Kd3 Kd5 69. Rg5 Na2 70. Rh5 Nb4+ 71. Kd2 Bd6 72. Ke2 Na6 73. Kd2 Nc5 74. Ke2 Kc4 75. Rh6 Bc7 76. Rh7 Ba5 77. Rh4 e4 78. Rh5 Bc3 79. Rh4 d3+ 80. Kd1 Bd4 81. Kd2 e3+ 82. Kd1 Nb3 83. Re4 Na1 84. Re8 Nc2 85. Rc8+ Kd5 86. Rd8+ Ke4 87. Re8+ Be5 0-1

[Event "Olympiad-38"]
[Site "Dresden"]
[Date "2008.11.20"]
[Round "7"]
[White "Campora, Daniel Hugo"]
[Black "Safin, Shukhrat"]
[Result "0-1"]
[WhiteElo "2537"]
[BlackElo "2510"]
[PlyCount "80"]
[EventDate "2008.11.13"]
[EventType "team-swiss"]
[EventRounds "11"]
[EventCountry "GER"]
[SourceTitle "CBM 128"]
[Source "ChessBase"]
[SourceDate "2009.01.28"]
[SourceVersion "1"]
[SourceVersionDate "2009.01.28"]
[SourceQuality "1"]
[WhiteTeam "Argentina"]
[BlackTeam "Uzbekistan"]
[WhiteTeamCountry "ARG"]
[BlackTeamCountry "UZB"]

1. d4 Nf6 2. Bg5 e6 3. e4 h6 4. Bxf6 Qxf6 5. Nf3 d6 6. Nc3 Nd7 7. Qd2 c6 8. Be2 e5 9. 0-0 Be7 10. a4 a5 11. Kh1 0-0 12. h3 Re8 13. Rae1 Nf8 14. d5 Ng6 15. Nh2 Nf4 16. Bg4 Qg5 17. Qd1 h5 18. Bf3 h4 19. Rg1 g6 20. Ng4 Bf8 21. Ne3 Qd8 22. Bg4 Qb6 23. Qb1 Qc5 24. Qa2 Be7 25. Kh2 Kg7 26. g3 hxg3+ 27. fxg3 Rh8 28. gxf4 exf4 29. Bxc8 Raxc8 30. Ng4 Bh4 31. Ref1 Bg3+ 32. Rxg3 fxg3+ 33. Kxg3 f5 34. dxc6 Rcf8 35. exf5 Rxf5 36. Ne4 Qxc2 37. Nef2 Qe2 38. Nh2 Rhf8 39. Qb3 Rxf2 40. Qc3+ Kh7 0-1

[Event "Olympiad-38"]
[Site "Dresden"]
[Date "2008.11.19"]
[Round "6"]
[White "Safin, Shukhrat"]
[Black "Gator, Mosab"]
[Result "1-0"]
[WhiteElo "2510"]
[BlackElo "1984"]
[PlyCount "75"]
[EventDate "2008.11.13"]
[EventType "team-swiss"]
[EventRounds "11"]
[EventCountry "GER"]
[SourceTitle "CBM 128"]
[Source "ChessBase"]
[SourceDate "2009.01.28"]
[SourceVersion "1"]
[SourceVersionDate "2009.01.28"]
[SourceQuality "1"]
[WhiteTeam "Uzbekistan"]
[BlackTeam "Libya"]
[WhiteTeamCountry "UZB"]
[BlackTeamCountry "LBY"]

1. d4 d5 2. c4 c6 3. Nf3 e6 4. Qc2 f5 5. Bf4 Nf6 6. e3 Nbd7 7. Nc3 Ne4 8. Nxe4 fxe4 9. Nd2 Be7 10. f3 exf3 11. gxf3 Bg5 12. Bxg5 Qxg5 13. Qc3 Qh4+ 14. Kd1 Nf6 15. Kc2 0-0 16. Rc1 dxc4 17. Qxc4 Nd5 18. Qe2 Qg5 19. e4 Nf4 20. Qc4 Kh8 21. h4 Qd8 22. Qc3 e5 23. dxe5 b5 24. Nb3 Be6 25. Kb1 Qe7 26. Nd4 Qf7 27. Nxe6 Nxe6 28. Bh3 Rac8 29. h5 c5 30. h6 g6 31. f4 Rc6 32. Bxe6 Qxe6 33. Rhf1 b4 34. Qc4 Qh3 35. Qd5 Rfc8 36. Rh1 Qe3 37. Rcd1 Qxf4 38. Qxc6 1-0

[Event "Olympiad-38"]
[Site "Dresden"]
[Date "2008.11.15"]
[Round "3"]
[White "Abdulwahhab, Ahmed Abdulsattar"]
[Black "Safin, Shukhrat"]
[Result "0-1"]
[WhiteElo "2246"]
[BlackElo "2510"]
[PlyCount "76"]
[EventDate "2008.11.13"]
[EventType "team-swiss"]
[EventRounds "11"]
[EventCountry "GER"]
[SourceTitle "CBM 128"]
[Source "ChessBase"]
[SourceDate "2009.01.28"]
[SourceVersion "1"]
[SourceVersionDate "2009.01.28"]
[SourceQuality "1"]
[WhiteTeam "Iraq"]
[BlackTeam "Uzbekistan"]
[WhiteTeamCountry "IRQ"]
[BlackTeamCountry "UZB"]

1. e4 e5 2. Nf3 Nc6 3. d4 exd4 4. Bc4 Nf6 5. e5 d5 6. Bb5 Ne4 7. Nxd4 Bd7 8. Bxc6 bxc6 9. 0-0 Bc5 10. f3 Ng5 11. Be3 Bb6 12. Qd2 h6 13. Kh1 c5 14. Ne2 Bc6 15. Ng3 d4 16. Bxg5 hxg5 17. c4 g4 18. Qf4 gxf3 19. Rxf3 Bxf3 20. Qxf3 Rb8 21. Nf5 Qg5 22. Na3 g6 23. Ng7+ Ke7 24. Rf1 Rbf8 25. Qf6+ Qxf6 26. exf6+ Kd6 27. Nc2 Ba5 28. Rf3 Rb8 29. b3 Bc3 30. Na3 c6 31. Nb1 Ba5 32. g4 Ke5 33. Kg2 Rbd8 34. g5 d3 35. Re3+ Kf4 36. Rf3+ Kxg5 37. h4+ Rxh4 38. Ne6+ fxe6 0-1

[Event "Olympiad-38"]
[Site "Dresden"]
[Date "2008.11.13"]
[Round "1"]
[White "Purnama, Tirta Chandra"]
[Black "Safin, Shukhrat"]
[Result "1/2-1/2"]
[WhiteElo "2417"]
[BlackElo "2510"]
[PlyCount "140"]
[EventDate "2008.11.13"]
[EventType "team-swiss"]
[EventRounds "11"]
[EventCountry "GER"]
[SourceTitle "CBM 128"]
[Source "ChessBase"]
[SourceDate "2009.01.28"]
[SourceVersion "1"]
[SourceVersionDate "2009.01.28"]
[SourceQuality "1"]
[WhiteTeam "Indonesia"]
[BlackTeam "Uzbekistan"]
[WhiteTeamCountry "INA"]
[BlackTeamCountry "UZB"]

1. d4 Nf6 2. c4 g6 3. Nc3 Bg7 4. Nf3 0-0 5. Bf4 d6 6. h3 c6 7. e3 a6 8. Rc1 b5 9. a3 Nbd7 10. Be2 bxc4 11. Bxc4 Rb8 12. Qe2 Nd5 13. Bxd5 cxd5 14. Nxd5 e5 15. dxe5 dxe5 16. Bg3 Bb7 17. Nb4 Qb6 18. 0-0 a5 19. Rfd1 Nf6 20. Bxe5 axb4 21. Rd6 Bxf3 22. Qxf3 Nd7 23. Rxb6 Nxe5 24. Qd5 Rxb6 25. f4 Nd3 26. Qxd3 Bxb2 27. axb4 Bxc1 28. Qc3 Bxe3+ 29. Qxe3 Rb5 30. Kh2 Rfb8 31. Qe7 Kg7 32. Qe3 R8b7 33. Qc3+ f6 34. Qc8 Rxb4 35. Qc1 R4b5 36. Qe3 h5 37. h4 Rd7 38. Qe8 Rdb7 39. Kh3 Rf5 40. g3 Rfb5 41. Kg2 Rb2+ 42. Kh3 R2b5 43. Kg2 Rd5 44. Qe6 Rbd7 45. Qe8 Rd2+ 46. Kh3 f5 47. Qe6 R2d6 48. Qe8 Rd2 49. Qe6 Kh7 50. Qe8 Rb7 51. Qe6 Rdd7 52. Qe8 Re7 53. Qf8 Rf7 54. Qe8 Rbe7 55. Qd8 Re4 56. Qd6 Kg7 57. Qc5 Rfe7 58. Qc3+ Kf7 59. Qh8 R7e6 60. Qh7+ Ke8 61. Qc7 Re1 62. Qc8+ Kf7 63. Qh8 Re8 64. Qh7+ Kf6 65. Qd7 R8e2 66. Qd6+ Kg7 67. Qd4+ Kh7 68. Qa7+ Re7 69. Qc5 Re8 70. Qc7+ Kh6 1/2-1/2

[Event "UZB-ch"]
[Site "Tashkent"]
[Date "2008.05.03"]
[Round "10"]
[White "Egin, Vladimir"]
[Black "Safin, Shukhrat"]
[Result "1/2-1/2"]
[WhiteElo "2444"]
[BlackElo "2481"]
[PlyCount "73"]
[EventDate "2008.04.24"]
[EventType "tourn"]
[EventRounds "11"]
[EventCountry "UZB"]
[EventCategory "7"]
[SourceTitle "CBM 123 Extra"]
[Source "ChessBase"]
[SourceDate "2008.05.06"]
[SourceVersion "1"]
[SourceVersionDate "2008.05.06"]
[SourceQuality "1"]

1. e4 c6 2. d4 d5 3. exd5 cxd5 4. c4 Nf6 5. Nc3 g6 6. cxd5 Bg7 7. Bc4 0-0 8. Nf3 Nbd7 9. 0-0 Nb6 10. Bb3 Nbxd5 11. Ne5 Be6 12. Qf3 Rc8 13. Re1 Qd6 14. Bg5 Nxc3 15. bxc3 Bd5 16. Qd3 Rfd8 17. c4 Be4 18. c5 Qxe5 19. Bxf6 Bxd3 20. Bxe5 Bf8 21. Rac1 Bh6 22. Rcd1 Bb5 23. d5 Rxc5 24. Bd4 Rc7 25. Bxa7 Rdd7 26. g3 Rc8 27. Be3 Bf8 28. Bf4 Rdd8 29. Rc1 Bd3 30. f3 b5 31. Bg5 Bc4 32. Bxe7 Bxe7 33. Rxe7 Rxd5 34. Re2 Rd3 35. Kg2 Rc6 36. Rcc2 Rf6 37. Bxc4 1/2-1/2

[Event "UZB-ch"]
[Site "Tashkent"]
[Date "2008.05.02"]
[Round "9"]
[White "Safin, Shukhrat"]
[Black "Barsov, Alexei"]
[Result "1/2-1/2"]
[WhiteElo "2481"]
[BlackElo "2480"]
[PlyCount "29"]
[EventDate "2008.04.24"]
[EventType "tourn"]
[EventRounds "11"]
[EventCountry "UZB"]
[EventCategory "7"]
[SourceTitle "CBM 123 Extra"]
[Source "ChessBase"]
[SourceDate "2008.05.06"]
[SourceVersion "1"]
[SourceVersionDate "2008.05.06"]
[SourceQuality "1"]

1. d4 Nf6 2. c4 e6 3. Nc3 d5 4. Nf3 Be7 5. Bf4 0-0 6. e3 Nbd7 7. cxd5 Nxd5 8. Nxd5 exd5 9. a3 Nf6 10. Bd3 c6 11. Qc2 Bg4 12. Ne5 Bh5 13. f3 Bg6 14. Nxg6 hxg6 15. Bg3 1/2-1/2

[Event "UZB-ch"]
[Site "Tashkent"]
[Date "2008.04.29"]
[Round "6"]
[White "Faizulaev, Akmal"]
[Black "Safin, Shukhrat"]
[Result "1/2-1/2"]
[WhiteElo "2267"]
[BlackElo "2481"]
[PlyCount "128"]
[EventDate "2008.04.24"]
[EventType "tourn"]
[EventRounds "11"]
[EventCountry "UZB"]
[EventCategory "7"]
[SourceTitle "CBM 123 Extra"]
[Source "ChessBase"]
[SourceDate "2008.05.06"]
[SourceVersion "1"]
[SourceVersionDate "2008.05.06"]
[SourceQuality "1"]

1. e4 e5 2. Nf3 Nc6 3. Bb5 a6 4. Ba4 Nf6 5. 0-0 Be7 6. Re1 b5 7. Bb3 d6 8. c3 0-0 9. h3 Nb8 10. d4 Nbd7 11. Nbd2 Bb7 12. Bc2 Re8 13. Nf1 Bf8 14. Bg5 h6 15. Bh4 g6 16. dxe5 dxe5 17. N3h2 Be7 18. Qf3 Nh7 19. Bxe7 Qxe7 20. Rad1 Nb6 21. Qe3 h5 22. b3 Ng5 23. Nf3 Nxf3+ 24. Qxf3 Kg7 25. Ne3 Qf6 26. Qe2 c5 27. c4 Bc6 28. Bd3 b4 29. Nd5 Qd8 30. Qe3 Nd7 31. Bc2 Qa5 32. Bb1 Rac8 33. Qg3 Bxd5 34. exd5 Rcd8 35. Re3 Qb6 36. Rde1 Qf6 37. Rf3 Qd6 38. Rfe3 Re7 39. Qg5 Qf6 40. h4 Rde8 41. f4 Qxg5 42. hxg5 f5 43. gxf6+ Kxf6 44. Rg3 e4 45. Rg5 Nf8 46. d6 Re6 47. Rxc5 Rxd6 48. Re5 Rxe5 49. fxe5+ Kxe5 50. Bxe4 Kd4 51. Rd1+ Kc5 52. Rf1 Nd7 53. Rf7 Ne5 54. Rc7+ Kd4 55. Bb7 Nd3 56. Kh2 a5 57. Bf3 Nc5 58. Bc6 Re6 59. Bf3 Re5 60. Ra7 Nd3 61. Bd5 Nf4 62. Rxa5 Nxd5 63. cxd5 Rxd5 64. Ra6 g5 1/2-1/2

[Event "UZB-ch"]
[Site "Tashkent"]
[Date "2008.04.27"]
[Round "4"]
[White "Kasyan, Aleksandr"]
[Black "Safin, Shukhrat"]
[Result "0-1"]
[WhiteElo "2314"]
[BlackElo "2481"]
[PlyCount "100"]
[EventDate "2008.04.24"]
[EventType "tourn"]
[EventRounds "11"]
[EventCountry "UZB"]
[EventCategory "7"]
[SourceTitle "CBM 123 Extra"]
[Source "ChessBase"]
[SourceDate "2008.05.06"]
[SourceVersion "1"]
[SourceVersionDate "2008.05.06"]
[SourceQuality "1"]

1. d4 Nf6 2. c4 g6 3. Nc3 Bg7 4. e4 d6 5. Be2 0-0 6. Nf3 e5 7. 0-0 Nc6 8. d5 Ne7 9. Nd2 c5 10. dxc6 bxc6 11. b4 d5 12. Ba3 d4 13. Na4 Bh6 14. Nc5 Nh5 15. g3 Ng7 16. Nd3 Qc7 17. Nb3 Ne6 18. Bc1 Bxc1 19. Rxc1 f5 20. Nbc5 Nxc5 21. Nxc5 a5 22. a3 axb4 23. axb4 Ra3 24. Ra1 Rxa1 25. Qxa1 f4 26. Qa5 Qd6 27. Nd3 f3 28. Bd1 Bh3 29. Re1 c5 30. Qxc5 Qxc5 31. Nxc5 Nc6 32. b5 Nb4 33. b6 Kf7 34. Bxf3 Ke7 35. b7 Kd6 36. Ra1 Nc6 37. Ra8 Rxf3 38. Rc8 Ra3 39. f4 Ra1+ 40. Kf2 Rb1 41. Nd3 Rxb7 42. Rh8 Rb3 43. fxe5+ Nxe5 44. c5+ Ke6 45. Nf4+ Kf6 46. Nxh3 Rb2+ 47. Ke1 Rxh2 48. Nf4 d3 49. Rd8 d2+ 50. Kf1 g5 0-1

[Event "UZB-ch"]
[Site "Tashkent"]
[Date "2008.04.24"]
[Round "1"]
[White "Iuldachev, Saidali"]
[Black "Safin, Shukhrat"]
[Result "1/2-1/2"]
[WhiteElo "2501"]
[BlackElo "2481"]
[PlyCount "32"]
[EventDate "2008.04.24"]
[EventType "tourn"]
[EventRounds "11"]
[EventCountry "UZB"]
[EventCategory "7"]
[SourceTitle "CBM 123 Extra"]
[Source "ChessBase"]
[SourceDate "2008.05.06"]
[SourceVersion "1"]
[SourceVersionDate "2008.05.06"]
[SourceQuality "1"]

1. e4 e5 2. Nf3 Nc6 3. Bb5 a6 4. Ba4 d6 5. c3 Bd7 6. d4 Nge7 7. Be3 h6 8. Nbd2 g6 9. 0-0 Bg7 10. Re1 0-0 11. dxe5 dxe5 12. Bc5 Re8 13. Nf1 Nc8 14. Ne3 Nb6 15. Bxb6 cxb6 16. Qe2 b5 1/2-1/2

[Event "Kolkata op 3rd"]
[Site "Kolkata"]
[Date "2008.03.31"]
[Round "8"]
[White "Safin, Shukhrat"]
[Black "Murali Krishnan, BT."]
[Result "1-0"]
[WhiteElo "2493"]
[BlackElo "2363"]
[PlyCount "75"]
[EventDate "2008.03.24"]
[EventType "swiss"]
[EventRounds "10"]
[EventCountry "IND"]
[SourceTitle "CBM 123 Extra"]
[Source "ChessBase"]
[SourceDate "2008.05.06"]
[SourceVersion "1"]
[SourceVersionDate "2008.05.06"]
[SourceQuality "1"]

1. Nf3 d5 2. c4 e6 3. d4 Nf6 4. g3 Be7 5. Bg2 0-0 6. 0-0 b6 7. cxd5 exd5 8. Nc3 Bb7 9. Ne5 c6 10. Qa4 Nfd7 11. Nd3 Na6 12. Bf4 Nc7 13. Bxc7 Qxc7 14. Rac1 Qd6 15. e4 b5 16. Qc2 b4 17. e5 Qg6 18. Na4 Ba6 19. Rfd1 Rfd8 20. Nac5 Bb5 21. Bh3 Nxc5 22. Nxc5 Qh5 23. Bg2 a5 24. Re1 Bc4 25. Na4 Rdb8 26. b3 Bb5 27. Nc5 a4 28. e6 Bxc5 29. Qxc5 fxe6 30. Rxe6 axb3 31. axb3 Qf5 32. Re5 Qd3 33. Qxb4 Bc4 34. Qc5 Bxb3 35. Re3 Qb5 36. Qd6 Bc4 37. Re7 Bd3 38. Qe5 1-0

[Event "Moscow op-A 04th"]
[Site "Moscow"]
[Date "2008.02.07"]
[Round "6"]
[White "Egorov, Dmitry Petrovich"]
[Black "Safin, Shukhrat"]
[Result "0-1"]
[WhiteElo "2345"]
[BlackElo "2493"]
[PlyCount "34"]
[EventDate "2008.02.02"]
[EventType "swiss"]
[EventRounds "9"]
[EventCountry "RUS"]
[SourceTitle "CBM 122 Extra"]
[Source "ChessBase"]
[SourceDate "2008.03.04"]
[SourceVersion "1"]
[SourceVersionDate "2008.03.04"]
[SourceQuality "1"]

1. e4 e5 2. Nf3 Nc6 3. d4 exd4 4. Nxd4 Nf6 5. Nxc6 bxc6 6. Bd3 d5 7. exd5 cxd5 8. Bb5+ Bd7 9. Bxd7+ Qxd7 10. 0-0 Be7 11. c4 d4 12. Bg5 0-0 13. Qf3 Rab8 14. b3 Nd5 15. Bxe7 Nxe7 16. Nd2 c5 17. Rae1 Ng6 0-1

[Event "Moscow op-A 04th"]
[Site "Moscow"]
[Date "2008.02.06"]
[Round "5"]
[White "Stukopin, Andrey"]
[Black "Safin, Shukhrat"]
[Result "0-1"]
[WhiteElo "2342"]
[BlackElo "2493"]
[PlyCount "72"]
[EventDate "2008.02.02"]
[EventType "swiss"]
[EventRounds "9"]
[EventCountry "RUS"]
[SourceTitle "CBM 122 Extra"]
[Source "ChessBase"]
[SourceDate "2008.03.04"]
[SourceVersion "1"]
[SourceVersionDate "2008.03.04"]
[SourceQuality "1"]

1. Nf3 d5 2. g3 Bg4 3. Bg2 Nd7 4. h3 Bh5 5. 0-0 Ngf6 6. d3 e5 7. Nbd2 Bd6 8. e4 c6 9. Qe2 0-0 10. b3 Re8 11. Bb2 Qc7 12. Rfe1 b5 13. a4 a6 14. axb5 axb5 15. g4 Rxa1 16. Bxa1 Bg6 17. Nh4 Nf8 18. exd5 Nxd5 19. d4 Nf4 20. Qd1 Nxg2 21. Nxg2 e4 22. f3 Bh2+ 23. Kh1 Bg3 24. Re2 f5 25. fxe4 fxe4 26. Nf1 Bd6 27. d5 Bc5 28. dxc6 Rd8 29. Rd2 Ra8 30. Bd4 Qxc6 31. Bxc5 Qxc5 32. Rd8 Rxd8 33. Qxd8 Qxc2 34. Qd5+ Bf7 35. Qxb5 Qxb3 36. Nfe3 Qc3 0-1

[Event "Moscow op-A 04th"]
[Site "Moscow"]
[Date "2008.02.05"]
[Round "4"]
[White "Safin, Shukhrat"]
[Black "Pileckis, Emilis"]
[Result "0-1"]
[WhiteElo "2493"]
[BlackElo "2364"]
[PlyCount "128"]
[EventDate "2008.02.02"]
[EventType "swiss"]
[EventRounds "9"]
[EventCountry "RUS"]
[SourceTitle "CBM 122 Extra"]
[Source "ChessBase"]
[SourceDate "2008.03.04"]
[SourceVersion "1"]
[SourceVersionDate "2008.03.04"]
[SourceQuality "1"]

1. d4 Nf6 2. c4 e6 3. Nf3 b6 4. g3 Ba6 5. b3 Bb7 6. Bg2 Bb4+ 7. Bd2 a5 8. 0-0 0-0 9. Nc3 d6 10. d5 e5 11. Ne1 Nbd7 12. Nd3 Bxc3 13. Bxc3 Qe7 14. e4 a4 15. b4 c6 16. b5 cxd5 17. cxd5 Rfc8 18. Bb4 Nc5 19. Nxc5 bxc5 20. Bc3 Rcb8 21. Rb1 Bc8 22. Re1 Nd7 23. f4 f6 24. Bf1 Nb6 25. a3 Bd7 26. Rb2 Rb7 27. Qf3 Rab8 28. Reb1 Qe8 29. Bd3 Nc8 30. Qe2 Nb6 31. f5 Kf8 32. g4 h6 33. Bd2 Ke7 34. h4 c4 35. Bc2 c3 36. Bxc3 Qc8 37. Bb4 Nc4 38. Ra2 Bxb5 39. Bd3 Na5 40. Rc2 Bxd3 41. Qxd3 Qd8 42. Qa6 Ra8 43. Qd3 Qb6+ 44. Kg2 Rc7 45. Rc6 Rxc6 46. dxc6 Qxc6 47. Rc1 Qd7 48. Qd5 Nb7 49. Rc6 Rc8 50. Rb6 Nc5 51. g5 hxg5 52. hxg5 fxg5 53. Bd2 Qc7 54. Rb1 Qc6 55. Bxg5+ Kf8 56. Qxc6 Rxc6 57. Rb8+ Kf7 58. Kf3 Rc7 59. Bd2 Rb7 60. Rxb7+ Nxb7 61. Bb4 Nc5 62. Ba5 Nb3 63. Bb6 Nd4+ 64. Kg4 Nb5 0-1